[Event "Baden-ch"]
[Site "Niefern"]
[Date "2019.07.24"]
[Round "1"]
[White "Kaufmann, Helmut"]
[Black "Vatter, Hans Joachim"]
[Result "0-1"]
[WhiteElo "1984"]
[BlackElo "2226"]
[PlyCount "34"]
[EventDate "2019.07.24"]
[EventType "swiss"]
[EventRounds "7"]
[EventCountry "GER"]
[SourceTitle "CBM 191 Extra"]
[Source "ChessBase"]
[SourceDate "2019.09.30"]
[SourceVersion "1"]
[SourceVersionDate "2019.09.30"]
[SourceQuality "1"]

1. g3 e5 2. Bg2 d5 3. d3 f5 4. d4 e4 5. h4 Nf6 6. Nh3 Be6 7. Bf4 h6 8. e3 Bf7 9. Bf1 Bd6 10. Be2 c6 11. Nd2 Qe7 12. c4 dxc4 13. Nxc4 Bxf4 14. Nxf4 Bxc4 15. Ng6 Qb4+ 16. Qd2 Qxd2+ 17. Kxd2 Bxe2 0-1

[Event "Schleswig Holstein-ch Seniors op 10th"]
[Site "Buesum"]
[Date "2016.09.27"]
[Round "2"]
[White "Kierzek, Matthias"]
[Black "Kaufmann, Helmut"]
[Result "1-0"]
[WhiteElo "2199"]
[BlackElo "1986"]
[PlyCount "61"]
[EventDate "2016.09.26"]
[EventType "swiss"]
[EventRounds "9"]
[EventCountry "GER"]
[SourceTitle "EXT 2019"]
[Source "ChessBase"]
[SourceDate "2018.10.10"]
[SourceVersion "1"]
[SourceVersionDate "2018.10.10"]
[SourceQuality "1"]

1. d4 g6 2. c4 Bg7 3. e4 d6 4. Nc3 Nc6 5. Be3 f6 6. d5 Nb8 7. Qd2 Nd7 8. h3 c5 9. f4 h5 10. Bd3 Nf8 11. Nf3 e5 12. fxe5 fxe5 13. 0-0 Nh7 14. Qf2 Bf6 15. Ng5 Qe7 16. Nxh7 Rxh7 17. a3 b6 18. b4 g5 19. bxc5 bxc5 20. Rab1 Rg7 21. Qb2 a6 22. Qb6 Qc7 23. Qc6+ Qxc6 24. dxc6 g4 25. Nd5 Bd8 26. hxg4 Bxg4 27. Bc2 Rc8 28. Ba4 Bc7 29. Rb2 Be6 30. Bd1 Bg4 31. Rbf2 1-0

[Event "Rheinland Pfalz op Seniors 13th"]
[Site "Neustadt an der Weinstrasse"]
[Date "2015.07.14"]
[Round "5"]
[White "Kaufmann, Helmut"]
[Black "Diehl, Klaus"]
[Result "0-1"]
[WhiteElo "1959"]
[BlackElo "2039"]
[PlyCount "66"]
[EventDate "2015.07.10"]
[EventType "swiss"]
[EventRounds "7"]
[EventCountry "GER"]
[SourceTitle "EXT 2019"]
[Source "ChessBase"]
[SourceDate "2018.10.10"]
[SourceVersion "1"]
[SourceVersionDate "2018.10.10"]
[SourceQuality "1"]

1. g3 d5 2. Bg2 e5 3. d3 Nf6 4. Nc3 c6 5. a3 Bc5 6. h3 b5 7. e4 Bb7 8. Nge2 0-0 9. 0-0 d4 10. Nb1 Bd6 11. f4 Nbd7 12. Nd2 c5 13. b3 Rc8 14. a4 a6 15. Nf3 c4 16. Kh1 Nh5 17. Ba3 Bxa3 18. Rxa3 Qe7 19. Ra1 cxd3 20. cxd3 exf4 21. gxf4 f5 22. e5 g5 23. axb5 g4 24. Nfxd4 Bxg2+ 25. Kxg2 Qh4 26. Rh1 Kh8 27. Kf1 axb5 28. Qe1 Qe7 29. Nxb5 Nxe5 30. Ned4 Nxf4 31. Ra7 Qf6 32. hxg4 Nexd3 33. Nxf5 h5 0-1

[Event "Rheinland Pfalz op Seniors 13th"]
[Site "Neustadt an der Weinstrasse"]
[Date "2015.07.10"]
[Round "1"]
[White "Kaufmann, Helmut"]
[Black "Jovi, Klaus"]
[Result "1-0"]
[WhiteElo "1959"]
[BlackElo "1720"]
[PlyCount "135"]
[EventDate "2015.07.10"]
[EventType "swiss"]
[EventRounds "7"]
[EventCountry "GER"]
[SourceTitle "EXT 2019"]
[Source "ChessBase"]
[SourceDate "2018.10.10"]
[SourceVersion "1"]
[SourceVersionDate "2018.10.10"]
[SourceQuality "1"]

1. d4 Nf6 2. e3 g6 3. Bd3 Bg7 4. h3 d5 5. Nd2 a6 6. Ngf3 Nc6 7. c3 0-0 8. 0-0 Nd7 9. e4 dxe4 10. Bxe4 e6 11. Re1 Ne7 12. Bc2 b5 13. Ne5 Bb7 14. Be4 Bxe4 15. Rxe4 Nxe5 16. dxe5 c5 17. Qe2 Qc7 18. Nf3 Rfd8 19. Bg5 Rd7 20. Bxe7 Rxe7 21. Rd1 Rd7 22. Rxd7 Qxd7 23. Qd2 Rd8 24. Qxd7 Rxd7 25. Re1 h6 26. b3 g5 27. Kf1 Rd3 28. Rc1 Bf8 29. Ke2 Rd7 30. Rd1 Rxd1 31. Kxd1 Kg7 32. Ke2 Kg6 33. Ke3 h5 34. g4 Be7 35. Ke4 Bd8 36. a4 Bb6 37. c4 bxa4 38. bxa4 Ba5 39. Ng1 hxg4 40. hxg4 Bc3 41. Ne2 Be1 42. f3 Kg7 43. Nc1 Kf8 44. Nd3 Bb4 45. f4 gxf4 46. Kxf4 Ke7 47. Nf2 Bd2+ 48. Ke4 f6 49. Kd3 Bb4 50. exf6+ Kxf6 51. Ke4 Ba3 52. g5+ Kxg5 53. Ke5 Bb4 54. Kxe6 Kf4 55. Kd5 Ke3 56. Ne4 Kd3 57. Nxc5+ Kc3 58. Nxa6 Bf8 59. a5 Kb3 60. Nc7 Kb4 61. a6 Bc5 62. Nb5 Bb6 63. a7 Bxa7 64. Nxa7 Ka5 65. c5 Ka6 66. Kd6 Kxa7 67. c6 Kb8 68. Kd7 1-0

[Event "Wuerttemberg-ch Seniors op 25th"]
[Site "Freudenstadt"]
[Date "2013.07.06"]
[Round "2"]
[White "Cichy, Michael"]
[Black "Kaufmann, Helmut"]
[Result "1-0"]
[WhiteElo "1992"]
[BlackElo "2010"]
[PlyCount "71"]
[EventDate "2013.07.06"]
[EventType "swiss"]
[EventRounds "9"]
[EventCountry "GER"]
[SourceTitle "EXT 2019"]
[Source "ChessBase"]
[SourceDate "2018.10.10"]
[SourceVersion "1"]
[SourceVersionDate "2018.10.10"]
[SourceQuality "1"]

1. d4 g6 2. Nf3 Bg7 3. c4 d6 4. Nc3 Nc6 5. d5 Nb8 6. e4 e5 7. Be2 Ne7 8. h4 h5 9. Be3 Nd7 10. Qd2 b6 11. 0-0-0 Nf6 12. Ng5 Neg8 13. f3 Bd7 14. Kb1 Nh6 15. Rdg1 Qc8 16. Nh3 Nfg8 17. Nf2 f6 18. g4 hxg4 19. fxg4 Nf7 20. Qd1 Qd8 21. g5 fxg5 22. h5 Ne7 23. Bxg5 Nxg5 24. Rxg5 Bf6 25. Rg2 g5 26. Ng4 Bxg4 27. Bxg4 Ng8 28. Rf1 Kf8 29. Rgf2 Kg7 30. Be6 Rh6 31. Qg4 Qe7 32. Ne2 Qd8 33. Ng3 Be7 34. Rf7+ Kh8 35. Nf5 Rh7 36. Nxe7 1-0

[Event "Baden-ch Seniors"]
[Site "Birkenfeld"]
[Date "2013.06.02"]
[Round "9"]
[White "Villing, Dieter"]
[Black "Kaufmann, Helmut"]
[Result "1-0"]
[WhiteElo "2132"]
[BlackElo "2010"]
[PlyCount "45"]
[EventDate "2013.05.25"]
[EventType "swiss"]
[EventRounds "9"]
[EventCountry "GER"]
[SourceTitle "EXT 2014"]
[Source "ChessBase"]
[SourceDate "2013.11.20"]
[SourceVersion "1"]
[SourceVersionDate "2013.11.20"]
[SourceQuality "1"]

1. d4 g6 2. e4 d6 3. f4 d5 4. e5 h5 5. Nf3 Nh6 6. Be3 Bf5 7. Nc3 e6 8. Be2 Nd7 9. h3 a6 10. Ng5 h4 11. 0-0 c5 12. Qe1 Ng8 13. Bf3 Bxc2 14. Rc1 Bd3 15. Rf2 cxd4 16. Bxd4 Bc5 17. Bxc5 Nxc5 18. Nxd5 Rc8 19. Qb4 Nd7 20. Rxc8 Qxc8 21. Nc3 b5 22. Qd6 Ne7 23. Qxd3 1-0

[Event "Baden-ch Seniors"]
[Site "Birkenfeld"]
[Date "2013.05.30"]
[Round "6"]
[White "Bartle, Georg"]
[Black "Kaufmann, Helmut"]
[Result "0-1"]
[WhiteElo "1785"]
[BlackElo "2010"]
[PlyCount "118"]
[EventDate "2013.05.25"]
[EventType "swiss"]
[EventRounds "9"]
[EventCountry "GER"]
[SourceTitle "EXT 2014"]
[Source "ChessBase"]
[SourceDate "2013.11.20"]
[SourceVersion "1"]
[SourceVersionDate "2013.11.20"]
[SourceQuality "1"]

1. b4 a5 2. b5 b6 3. c4 d6 4. Bb2 Bb7 5. e3 e6 6. Nf3 Nd7 7. Be2 Ngf6 8. 0-0 Be7 9. d4 0-0 10. Nbd2 h6 11. Re1 Nh7 12. a4 Bf6 13. Qc2 g6 14. Rac1 Re8 15. Ba3 Be7 16. Nb3 c5 17. dxc5 dxc5 18. Bb2 Bf6 19. Rcd1 Bxb2 20. Qxb2 Qf6 21. Qxf6 Nhxf6 22. h3 Re7 23. Nbd2 e5 24. Nh2 e4 25. f4 exf3 26. Bxf3 Bxf3 27. Ndxf3 Ne4 28. Rd3 Ndf6 29. Nf1 Rae8 30. N3d2 Re6 31. Nxe4 Nxe4 32. Red1 h5 33. Nh2 Rf6 34. Rf1 Rxf1+ 35. Nxf1 Re6 36. Rd8+ Kg7 37. Rb8 Rd6 38. g4 hxg4 39. hxg4 Nc3 40. Kf2 Nxa4 41. g5 Nb2 42. Ng3 Nxc4 43. Ne4 Rd5 44. Re8 Nd6 45. Rg8+ Kxg8 46. Nf6+ Kf8 47. Nxd5 Nc8 48. Kf3 Ke8 49. Kf4 a4 50. Ke5 a3 51. Nc3 Kd7 52. Kd5 Nd6 53. Na2 Nxb5 54. Ke5 Kc6 55. Kf6 Nd6 56. e4 Nxe4+ 57. Kxf7 b5 58. Kxg6 b4 59. Kf5 Nxg5 0-1

[Event "Baden-ch Seniors"]
[Site "Birkenfeld"]
[Date "2013.05.25"]
[Round "1"]
[White "Kaufmann, Helmut"]
[Black "Kozel, Friedrich"]
[Result "1-0"]
[WhiteElo "2010"]
[BlackElo "1640"]
[PlyCount "109"]
[EventDate "2013.05.25"]
[EventType "swiss"]
[EventRounds "9"]
[EventCountry "GER"]
[SourceTitle "EXT 2014"]
[Source "ChessBase"]
[SourceDate "2013.11.20"]
[SourceVersion "1"]
[SourceVersionDate "2013.11.20"]
[SourceQuality "1"]

1. d4 e6 2. Nd2 d5 3. e3 Nf6 4. Bd3 c5 5. c3 Nc6 6. Ngf3 c4 7. Bc2 Bd6 8. Qe2 0-0 9. 0-0 e5 10. dxe5 Nxe5 11. h3 h6 12. e4 Re8 13. Nxe5 Bxe5 14. f4 Qb6+ 15. Qf2 Bc7 16. e5 Nh7 17. Nf3 Qxf2+ 18. Kxf2 b5 19. Be3 Nf8 20. a4 b4 21. cxb4 Bb6 22. Bxb6 axb6 23. Rfd1 Bb7 24. g3 Ne6 25. Nd4 Nc7 26. Nf5 Red8 27. b3 Na6 28. bxc4 dxc4 29. Nd6 Nxb4 30. Bf5 Bc6 31. Nxc4 Rxd1 32. Rxd1 g6 33. Bg4 Bxa4 34. Rb1 Nd3+ 35. Ke3 b5 36. Nb6 Rd8 37. e6 Nc5 38. e7 Re8 39. Nd5 f5 40. Nf6+ Kf7 41. Nxe8 Kxe8 42. Be2 Ne4 43. Bxb5+ Bxb5 44. Rxb5 Kxe7 45. g4 Nd6 46. Re5+ Kf6 47. Kd4 Nf7 48. Ra5 fxg4 49. hxg4 Nd8 50. Ke4 Ne6 51. Ra6 Kf7 52. Ke5 Nf8 53. Ra7+ Kg8 54. Kf6 h5 55. g5 1-0

[Event "Baden-ch Seniors"]
[Site "Emmendingen"]
[Date "2012.06.10"]
[Round "9"]
[White "Kaufmann, Helmut"]
[Black "Papa, Heiner"]
[Result "1-0"]
[WhiteElo "2081"]
[BlackElo "1813"]
[PlyCount "127"]
[EventDate "2012.06.02"]
[EventType "swiss"]
[EventRounds "9"]
[EventCountry "GER"]
[SourceTitle "CBM 148 Extra"]
[Source "ChessBase"]
[SourceDate "2012.06.22"]
[SourceVersion "1"]
[SourceVersionDate "2012.06.22"]
[SourceQuality "1"]

1. d4 g6 2. e4 d6 3. Bc4 Bg7 4. Nf3 Nc6 5. c3 Nf6 6. Qe2 e5 7. h3 0-0 8. 0-0 Re8 9. d5 Ne7 10. Bd3 Nd7 11. Nh2 f5 12. f3 f4 13. a4 Nf6 14. Rd1 g5 15. Kf1 Ng6 16. Ke1 h5 17. Kd2 c6 18. c4 Qb6 19. Kc2 Bd7 20. Bd2 cxd5 21. cxd5 Nxd5 22. Bc4 Rec8 23. Nc3 Rxc4 24. Qxc4 Be6 25. exd5 Rc8 26. Qd3 Bf7 27. Kb1 Nh4 28. Ne4 Bg6 29. Bc3 Nxg2 30. Nf1 Bxe4 31. fxe4 g4 32. hxg4 hxg4 33. Ka2 Rf8 34. Nh2 Ne3 35. Rg1 g3 36. Nf3 Ng4 37. a5 Qc7 38. Rac1 Qd7 39. b3 Nf2 40. Qe2 Qh3 41. Be1 Ng4 42. Qg2 Qh5 43. Rh1 Qe8 44. Qh3 Qg6 45. Rc4 Ne3 46. Ra4 g2 47. Rg1 Kf7 48. Qd7+ Kg8 49. Bf2 Qh5 50. Bxe3 Qxf3 51. Bxa7 Qe2+ 52. Ka3 f3 53. Rc4 Rf7 54. Qg4 Kh7 55. Qh4+ Bh6 56. Qf2 Qxf2 57. Bxf2 Bf4 58. Rgc1 Bh2 59. Rc7 Kg6 60. Rxf7 Kxf7 61. b4 Kg6 62. b5 Bf4 63. Rg1 Bd2 64. a6 1-0

[Event "Baden-ch Seniors"]
[Site "Emmendingen"]
[Date "2012.06.08"]
[Round "7"]
[White "Born, Michael"]
[Black "Kaufmann, Helmut"]
[Result "1-0"]
[WhiteElo "1957"]
[BlackElo "2081"]
[PlyCount "153"]
[EventDate "2012.06.02"]
[EventType "swiss"]
[EventRounds "9"]
[EventCountry "GER"]
[SourceTitle "CBM 148 Extra"]
[Source "ChessBase"]
[SourceDate "2012.06.22"]
[SourceVersion "1"]
[SourceVersionDate "2012.06.22"]
[SourceQuality "1"]

1. d4 g6 2. e4 Bg7 3. Nf3 d6 4. Be3 e6 5. Nc3 Ne7 6. Qd2 h6 7. Be2 c6 8. 0-0-0 Qc7 9. Ne1 Nd7 10. f4 f5 11. g4 Nf6 12. gxf5 exf5 13. e5 Nfd5 14. Nxd5 Nxd5 15. Rg1 Qf7 16. c4 Nxe3 17. Qxe3 dxe5 18. dxe5 0-0 19. Nf3 Be6 20. b3 Kh7 21. h4 Rg8 22. Rg2 Bf8 23. Nd4 Be7 24. Qh3 h5 25. Nf3 Rg7 26. Ng5+ Bxg5 27. hxg5 Kg8 28. Rd6 Rh7 29. Qd3 Re8 30. Bf1 Qc7 31. c5 Qa5 32. Qe3 Rhe7 33. Rxe6 Rxe6 34. Bc4 Kf8 35. Bxe6 Rxe6 36. Rd2 Ke7 37. Kd1 Qc7 38. Ke2 Kf7 39. Rd6 a6 40. Rd2 Ke7 41. b4 Qc8 42. Kf2 Qe8 43. Rd4 Qc8 44. Rd6 Kf7 45. Qd4 Ke7 46. Kg3 Ke8 47. a3 Ke7 48. Qc4 Kf7 49. a4 Ke7 50. Qd3 Ke8 51. Qc3 Ke7 52. Qd3 Ke8 53. Qb3 Ke7 54. Qc4 Kf7 55. a5 Ke7 56. Rd2 Qc7 57. Rd3 Qc8 58. Rd4 Ke8 59. Qd3 Ke7 60. Qb3 Ke8 61. Kf3 Ke7 62. Ke3 Ke8 63. Kf3 Ke7 64. Rd6 Kf7 65. Kg2 Ke7 66. Qd1 Ke8 67. Kg3 Ke7 68. Kh4 Ke8 69. Qe2 Ke7 70. Qa2 Kf7 71. Qb3 Ke7 72. Qd3 Qc7 73. Rxe6+ Kxe6 74. Qb3+ Ke7 75. Qg8 Qd7 76. Qxg6 Qd1 77. Qd6+ 1-0

[Event "Baden-ch Seniors"]
[Site "Emmendingen"]
[Date "2012.06.07"]
[Round "6"]
[White "Kaufmann, Helmut"]
[Black "Schumacher, Gottfried"]
[Result "0-1"]
[WhiteElo "2081"]
[BlackElo "2221"]
[PlyCount "148"]
[EventDate "2012.06.02"]
[EventType "swiss"]
[EventRounds "9"]
[EventCountry "GER"]
[SourceTitle "CBM 148 Extra"]
[Source "ChessBase"]
[SourceDate "2012.06.22"]
[SourceVersion "1"]
[SourceVersionDate "2012.06.22"]
[SourceQuality "1"]

1. d4 Nf6 2. Nd2 c5 3. e3 b6 4. Ngf3 g6 5. Bd3 Bg7 6. 0-0 0-0 7. c3 d5 8. Qe2 Nc6 9. Re1 Qc7 10. h3 Rd8 11. b3 e5 12. dxe5 Nxe5 13. Nxe5 Qxe5 14. Bb2 Ne4 15. Nf3 Qh5 16. Rac1 a5 17. Nh2 Qh4 18. Nf3 Qe7 19. a4 Be6 20. c4 Nd6 21. Bxg7 Kxg7 22. cxd5 Bxd5 23. e4 Bb7 24. e5 Ne8 25. Be4 Bxe4 26. Qxe4 Nc7 27. Rcd1 Rxd1 28. Rxd1 Rd8 29. Qc2 Ne6 30. Rxd8 Qxd8 31. Qd2 Qb8 32. Qd3 Kf8 33. g3 Ke7 34. Kf1 Qc7 35. Ke1 Qc6 36. Ke2 h6 37. Ke3 Nc7 38. Nd2 Nd5+ 39. Ke2 Ke6 40. Nc4 b5 41. axb5 Qxb5 42. Nd6 Qb4 43. Qc4 f6 44. f4 fxe5 45. fxe5 h5 46. Qxb4 cxb4 47. Nc4 a4 48. bxa4 Nc3+ 49. Kd2 Nxa4 50. Kc2 Nc5 51. Kd1 Kd5 52. Nb2 Kxe5 53. Ke2 Ke4 54. h4 Nb3 55. Kf2 Nc5 56. Ke2 Ne6 57. Kf2 Nd4 58. Na4 b3 59. Nb2 Ne6 60. Na4 Kd4 61. Kf3 Nc5 62. Nb2 Kc3 63. Nd1+ Kd2 64. Ne3 Kd3 65. Nd1 Ne6 66. Nb2+ Kc2 67. Nc4 Kc3 68. Ne3 Nd8 69. Ke2 Nf7 70. Nd1+ Kc2 71. Ne3+ Kc1 72. Nc4 Nd6 73. Ne5 Kc2 74. Nd3 Nf5 0-1

[Event "Hessen-ch Seniors op 08th"]
[Site "Bad Sooden-Allendorf"]
[Date "2012.04.22"]
[Round "9"]
[White "Niebling, Ferdinand"]
[Black "Kaufmann, Helmut"]
[Result "1-0"]
[WhiteElo "2166"]
[BlackElo "2094"]
[PlyCount "65"]
[EventDate "2012.04.14"]
[EventType "swiss"]
[EventRounds "9"]
[EventCountry "GER"]
[SourceTitle "EXT 2019"]
[Source "ChessBase"]
[SourceDate "2018.10.10"]
[SourceVersion "1"]
[SourceVersionDate "2018.10.10"]
[SourceQuality "1"]

1. d4 d5 2. c4 e6 3. Nc3 g6 4. Nf3 Bg7 5. Bf4 c6 6. e3 Nf6 7. Be2 0-0 8. h3 Re8 9. 0-0 Nbd7 10. Qc2 dxc4 11. Bxc4 Nd5 12. Bg3 Nxc3 13. bxc3 Nb6 14. Bb3 Bf8 15. a4 Bd6 16. Ne5 Kg7 17. a5 Nd5 18. e4 Nc7 19. f4 a6 20. Qf2 Rf8 21. Nc4 f5 22. Nb6 Rb8 23. Rae1 Na8 24. Bh4 Qe8 25. Nc4 Qd7 26. Nxd6 Qxd6 27. e5 Qa3 28. Bf6+ Kg8 29. Rb1 Bd7 30. g4 fxg4 31. f5 Rbe8 32. fxg6 hxg6 33. Qh4 1-0

[Event "Hessen-ch Seniors op 08th"]
[Site "Bad Sooden-Allendorf"]
[Date "2012.04.17"]
[Round "4"]
[White "Kaufmann, Helmut"]
[Black "Jung, Michael"]
[Result "1/2-1/2"]
[WhiteElo "2094"]
[BlackElo "1824"]
[PlyCount "80"]
[EventDate "2012.04.14"]
[EventType "swiss"]
[EventRounds "9"]
[EventCountry "GER"]
[SourceTitle "EXT 2019"]
[Source "ChessBase"]
[SourceDate "2018.10.10"]
[SourceVersion "1"]
[SourceVersionDate "2018.10.10"]
[SourceQuality "1"]

1. d4 d5 2. Nf3 Nf6 3. e3 e6 4. Bd3 g6 5. Nbd2 Bg7 6. 0-0 0-0 7. Qe2 Nbd7 8. c3 c5 9. h3 b6 10. e4 dxe4 11. Nxe4 Bb7 12. Bg5 Qc7 13. Nxf6+ Nxf6 14. Rad1 cxd4 15. Nxd4 Nd5 16. Be4 Rfe8 17. Bh4 Nf4 18. Qf3 Bxe4 19. Qxe4 Qe5 20. Qf3 Nd5 21. c4 Qf4 22. Bg3 Qxf3 23. Nxf3 Nb4 24. a3 Nc6 25. b3 Na5 26. Rd3 Rad8 27. Rfd1 Rxd3 28. Rxd3 Bb2 29. a4 Nc6 30. Kf1 e5 31. Rd2 Bc3 32. Rc2 Bb4 33. Rc1 f6 34. Ne1 Rd8 35. Nc2 Be7 36. Ke2 Kg7 37. f3 Kf7 38. Be1 a5 39. Rd1 Rxd1 40. Kxd1 g5 1/2-1/2

[Event "GER Cup GrA+B Seniors 1st"]
[Site "Bad Blankenburg"]
[Date "2011.08.23"]
[Round "6"]
[White "Kaufmann, Helmut"]
[Black "Krebs, Dietmar"]
[Result "0-1"]
[WhiteElo "1850"]
[BlackElo "1966"]
[PlyCount "132"]
[EventDate "2011.08.18"]
[EventType "swiss"]
[EventRounds "7"]
[EventCountry "GER"]
[SourceTitle "CBM 144 Extra"]
[Source "ChessBase"]
[SourceDate "2011.10.28"]
[SourceVersion "1"]
[SourceVersionDate "2011.10.28"]
[SourceQuality "1"]

1. d4 Nf6 2. Nd2 c5 3. e3 g6 4. Bd3 Bg7 5. Ngf3 b6 6. c3 Bb7 7. 0-0 0-0 8. Re1 d5 9. Qe2 Nc6 10. dxc5 bxc5 11. e4 e6 12. Ba6 Bxa6 13. Qxa6 Qb6 14. Qxb6 axb6 15. exd5 exd5 16. Nf1 Rfe8 17. Ne3 d4 18. cxd4 Nxd4 19. Rf1 Nxf3+ 20. gxf3 Nd7 21. Rd1 Ne5 22. Kg2 Red8 23. a3 Nd3 24. Rb1 b5 25. b3 Nxc1 26. Rxd8+ Rxd8 27. Rxc1 Bd4 28. Kf1 Ra8 29. Nc2 Bb2 30. Rb1 Bxa3 31. Ra1 b4 32. Rb1 Rd8 33. Ke2 f5 34. Ne3 Kf7 35. Nc4 Ke6 36. Rd1 Rxd1 37. Kxd1 Kd5 38. Kc2 g5 39. Kd2 h5 40. Nb6+ Kd4 41. Nc4 g4 42. fxg4 hxg4 43. Nd6 Ke5 44. Nc4+ Kf4 45. Ke2 Kg5 46. f3 Bc1 47. fxg4 fxg4 48. Ne5 Bf4 49. Nd3 Bd6 50. Kf2 Kf5 51. Kg2 Ke4 52. Nf2+ Kf4 53. Nd3+ Ke3 54. Nf2 Kd4 55. Kf1 Bxh2 56. Nxg4 Bf4 57. Nf2 Be3 58. Ng4 Kd3 59. Ne5+ Kc3 60. Nc4 Bf4 61. Na5 Bc7 62. Nb7 Bb6 63. Ke2 Kxb3 64. Nd6 c4 65. Ne4 Kc2 66. Nd6 c3 0-1